Stagioni e Mezze Stagioni - Statistics

Statistiche generali
  • Questo quiz è stato fatto 64 volte
  • Il punteggio medio è 4 su 8
Statistiche sulle risposte
Hint Risposta % Corretto
Luglio-Agosto Estate
100%
Ottobre-Novembre Autunno
98%
Gennaio-Febbraio Inverno
98%
Aprile Primavera
98%
Maggio-Giugno Ereperotola
2%
Marzo Primaberello
2%
Dicembre Firiritozini
0%
Settembre Ugunnago
0%
Nessun quiz corrispondente trovato
Distribuzione punteggi
Percentuale di utenti per punteggio
Percentile per numero di risposta
I tuoi punteggi nel tempo
Non hai fatto questo quiz